000 00477nam a2200181Ia 4500
001 14264
005 20260306164901.0
008 260306t2013||||xx |||||||||||||| ||spa||
041 _aESP
082 _a510.076
_bL81N
100 _aLoa, Gabriel
_eAUT
245 0 _aPrecálculo:
_bcon aplicaciones en la vida diaria, pasito a pasito ... Notebook de trabajo + Agenda
260 _c2013
300 _a
_c25 cm.
650 _aGEN
654 _aCMA
942 _cLIB
_dJUS
_fJUS
_2ddc
_n
999 _c14264
_d14264